Collaborative governance in the United States and Korea (Record no. 1112208)

MARC details
000 -LEADER
fixed length control field 00884nam a2200277Ia 4500
003 - CONTROL NUMBER IDENTIFIER
control field OSt
005 - DATE AND TIME OF LATEST TRANSACTION
control field 20221006160032.0
008 - FIXED-LENGTH DATA ELEMENTS--GENERAL INFORMATION
fixed length control field 221006b |||||||| |||| 00| 0 eng d
020 ## - INTERNATIONAL STANDARD BOOK NUMBER
International Standard Book Number 9788952110503
-- 37
037 ## - SOURCE OF ACQUISITION
Terms of availability Textual
040 ## - CATALOGING SOURCE
Original cataloging agency EASL
Transcribing agency EASL
Language of cataloging eng
041 ## - LANGUAGE CODE
Source of code eng
Language code of text/sound track or separate title eng
100 ## - MAIN ENTRY--PERSONAL NAME
Personal name Jung Yong-Duck Ed.
9 (RLIN) 671594
245 #0 - TITLE STATEMENT
Title Collaborative governance in the United States and Korea
260 ## - PUBLICATION, DISTRIBUTION, ETC.
Place of publication, distribution, etc. Seoul
Name of publisher, distributor, etc. Seoul National University (SNU) Press Korea
Date of publication, distribution, etc. 2009
300 ## - PHYSICAL DESCRIPTION
Extent 288p.
Dimensions cm.
490 ## - SERIES STATEMENT
Volume/sequential designation KEL
650 ## - SUBJECT ADDED ENTRY--TOPICAL TERM
Topical term or geographic name entry element kEL
700 ## - ADDED ENTRY--PERSONAL NAME
Personal name Mazmanian Daniel A Ed.
9 (RLIN) 671595
942 ## - ADDED ENTRY ELEMENTS (KOHA)
Classification part W95.495, P9
Koha item type Textual
Source of classification or shelving scheme Colon Classification (CC)
Holdings
Withdrawn status Lost status Source of classification or shelving scheme Damaged status Not for loan Home library Current library Date acquired Source of acquisition Serial Enumeration / chronology Total Checkouts Full call number Barcode Date last seen Price effective from Koha item type
    Colon Classification (CC)     Department of East Asian Studies Library Department of East Asian Studies Library 2022-10-06 Gift, Korean Embassy (Window on Korea) KEL   W95.495 P9 EA1396895 2022-10-06 2022-10-06 Textual
Copyright @ Delhi University Library System